Berbohong Membawa Padah

Bibliographic Details
Format: Book
Published: Kuala Lumpur : Penerbitan Mutiara , 1986
Subjects:

MARC

LEADER 00000cam a2200000 7i4500
001 0000042144
005 20040108.0
008 040108s1986
020 |a [] 
090 0 0 |a JFT SIR 
245 0 0 |a Berbohong Membawa Padah 
260 |a Kuala Lumpur :   |b Penerbitan Mutiara ,   |c 1986 
300 |a 29p, :   |b col.ill ;   |c 21cm. 
650 0 0 |a Junior Fiction-Tamil 
999 |a 71968   |b Buku   |c Koleksi Pinjaman Kanak-Kanak   |e Perbadanan Perpustakaan Awam Melaka